Magenta : Revista del Diseño = Design Review : núm. 1, invierno 1983 /

שמור ב:
מידע ביבליוגרפי
פורמט: ספר
שפה:ספרדית
יצא לאור: Guadalajara, México : Magenta RDSC, 1983
תגים: הוספת תג
אין תגיות, היה/י הראשונ/ה לתייג את הרשומה!

MARC

LEADER 00000nam^a2200000^a^4500
001 000590246
005 20250526000000.0
009 20260310132905.514
037 |a Acervo ITESO - Biblioteca 
041 |a ESP 
091 |a FCO. 03694 
240 1 1 |a [Magenta] 
245 0 0 |a Magenta :  |b Revista del Diseño = Design Review : núm. 1, invierno 1983 / 
264 1 |a Guadalajara, México :  |b Magenta RDSC,  |c 1983 
300 |a 26 p. ;  |c 27.0 cm. 
336 |a texto  |b txt  |2 rdacontenido 
337 |a sin mediación  |b n  |2 rdamedio 
338 |a volumen  |b nc  |2 rdasoporte 
649 |a XX 
910 |a Fondo Erich Coufal Kieswetter 
920 |a Impresos - Libros 
930 |a Libros Antiguos y Raros 
905 |a 142 
901 |a 590246-10  |b IT2  |c LRA  |i D  |u 20250526 
902 |a https://opac.biblio.iteso.mx/vufind/Record/000590246